Les Metamorphoses
Αποθηκεύτηκε σε:
| Κύριος συγγραφέας: | |
|---|---|
| Άλλοι συγγραφείς: | , , |
| Μορφή: | Βιβλίο |
| Γλώσσα: | French Latin |
| Δημοσίευση: |
Paris :
Les Belles Lettres,
2002
|
| Σειρά: | Collection des Universites de France,
|
| Θέματα: | |
| Ετικέτες: |
Προσθήκη ετικέτας
Δεν υπάρχουν, Καταχωρήστε ετικέτα πρώτοι!
|
MARC
| LEADER | 00000nam a2200000 i 4500 | ||
|---|---|---|---|
| 001 | 1/67764 | ||
| 008 | 041209s2002 fre d | ||
| 020 | |a 2-251-01122-6 (v.1) | ||
| 020 | |a 2-251-01123-4 (v.2) | ||
| 020 | |a 2-251-01124-2 (v.3) | ||
| 035 | |l 10075649 | ||
| 040 | |a GR-MY-UA |b gre |e aacr | ||
| 041 | 0 | |a fre |a lat | |
| 082 | 0 | |a 871 |2 (21) | |
| 100 | 0 | |a Ovid |d 43 B.C.-17 or 18 A.D. | |
| 245 | 1 | 4 | |a Les Metamorphoses / |c Ovide ; texte etabli et traduit par Georges Lafaye |
| 260 | |a Paris : |b Les Belles Lettres, |c 2002 | ||
| 300 | |a 3 v.; |c 19 cm | ||
| 490 | 1 | |a Collection des Universites de France |x 0184-7155 | |
| 500 | |a Κείμενο στη γαλλική και λατινική | ||
| 500 | |a Πρώτη δημοσίευση: Paris: Les Belles Lettres, 1925 | ||
| 500 | |a v.1: 3e tirage de la 8e ed. rev. et corr. par J.Fabre ; v.2-3: 3e tirage de la 7e ed.rev.et corr. par Henri le Bonniec | ||
| 500 | |a Διπλή σελιδαρίθμηση | ||
| 505 | 0 | |a v.1: Livres I-Vv.2: Livres VI-Xv.3: Livres XI-XV | |
| 600 | 0 | 0 | |a Ovid |d 43 B.C.-17 or 18 A.D. |t Metamorphoses. French & Latin |t Metamorphoses. French & Latin. |
| 650 | 0 | 0 | |a Fables, Latin |x Translations into French. |
| 650 | 0 | 0 | |a Metamorphosis |x Mythology |x Poetry. |
| 650 | 0 | 0 | |a Mythology, Classical |x Poetry. |
| 650 | 0 | 0 | |a Didactic poetry, Latin. |
| 700 | 0 | |a Lafaye, Georges |d b.1854. |4 trl | |
| 700 | 0 | |a Fabre, J. |4 edt | |
| 700 | 0 | |a Le Bonniec, Henri. |4 edt | |
| 830 | 0 | |a Collection des Universites de France, |x 0184-7155 | |
| 852 | |a INST |b RHODES |e 20041209 |h 871 OVI |p 005400017953 |q 005400017953 |t BK |y 0 |z v.3 | ||
| 852 | |a INST |b RHODES |e 20041209 |h 871 OVI |p 005400017954 |q 005400017954 |t BK |y 0 |z v.2 | ||
| 852 | |a INST |b RHODES |e 20041209 |h 871 OVI |p 005400017955 |q 005400017955 |t BK |y 0 |z v.1 | ||
| 852 | |a INST |b RHODES |e 20041209 |h 871 OVI |p 005400017953 |q 005400017953 |t BK |v v.3: |y 0 |z v.3 | ||
| 852 | |a INST |b RHODES |e 20041209 |h 871 OVI |p 005400017954 |q 005400017954 |t BK |v v.2: |y 0 |z v.2 | ||
| 852 | |a INST |b RHODES |e 20041209 |h 871 OVI |p 005400017955 |q 005400017955 |t BK |v v.1: |y 0 |z v.1 | ||
| 853 | |a INST |b RHODES |h 871 OVI | ||
| 901 | |a BIBL4-2004-3 | ||
| 909 | |a Ρ |b 116654 | ||
| 909 | |a Ρ |b 116655 | ||
| 909 | |a Ρ |b 116656 | ||
| 922 | |a 4ΕΛΗ |b 200411 |c ΕΠΕΑΕΚ2/ΤΕΠΑΕΣ |d ΜΙΧΑΛΟΠΟΥΛΟΣ | ||
| 950 | |a 096-2004-06-17 | ||
| 970 | |a ΧΟΡΟΖΙΔΟΥ |b ΤΖΕΝΗ |z 2004/12/15 | ||